Podrobnosti MARC
| 000 -Návěští |
| Řídící pole kódované 24B |
02137nam a2200409 i 4500 |
| 001 - Kontrolní číslo |
| Řídící pole proměnné |
5215765 |
| 003 - Identifikátor kontrolního čísla |
| Řídící pole proměnné |
CZ PrSKC |
| 005 - Datum posledního zpracování |
| Řídící pole 16B |
20260416092631.0 |
| 007 - Pole pevné délky pro fyzický popis |
| Řídící pole kódované |
ta |
| 008 - Údaje pevné délky |
| Řídící pole kódované 40B |
260310s2026 xr a j 6 000 1 cze |
| 020 ## - ISBN |
| ISBN |
9788090953161 |
| 040 ## - Zdroj katalogizace-agentura |
| Agentura původní katalogizace |
ABG001 |
| Jazyk katalogizace |
cze |
| Použitá pravidla popisu |
rda |
| 041 1# - Kód jazyka |
| Kód jazyka textu/zvuku, mezititulků |
cze |
| Kód jazyka originálu |
eng |
| 072 #7 - Kód předmětové kategorie - Konspekt |
| Předmětová kategorie |
741.52 |
| Zpřesnění předmětové kategorie |
Komiksy. Komiksové adaptace |
| Zdroj předmětové klasifikace |
Konspekt |
| 072 #7 - Kód předmětové kategorie - Konspekt |
| Předmětová kategorie |
821-93 |
| Zpřesnění předmětové kategorie |
Literatura pro děti a mládež (beletrie) |
| Zdroj předmětové klasifikace |
Konspekt |
| 080 ## - MDT |
| Klasifikační znak MDT |
741.52(0:82-321.5) |
| Idetifikátor vydání MDT |
MRF |
| 080 ## - MDT |
| Klasifikační znak MDT |
821-93 |
| Idetifikátor vydání MDT |
MRF |
| 100 1# - Hlavní záhlaví - osobní jméno autora |
| Osobní jméno |
Renner, Benjamin, |
| Datumy související se jménem |
1983- |
| Kód role |
aut |
| -- |
ill |
| 9 (RLIN) |
20649 |
| 240 10 - Unifikovaný název |
| Unifikovaný název |
<a href="Grand méchant renard.">Grand méchant renard.</a> |
| Jazyk díla |
Česky |
| 245 10 - Údaje o názvu |
| Název |
Velký zlý lišák / |
| Údaj o odpovědností, atd. |
Benjamin Renner ; překlad Alena Jurionová |
| 250 ## - Údaje o vydání |
| Označení vydání |
Vydání první |
| 264 #1 - Nakladatelské údaje |
| Místo vydání |
Praha : |
| Nakladatel |
Centrala, |
| Rok vydání |
2026 |
| 300 ## - Fyzický popis |
| Rozsah |
192 nečíslovaných stran : |
| další fyzické údaje |
barevné ilustrace ; |
| Rozměry |
23 cm |
| 490 1# - Údaje o edici |
| Údaje o edici |
Láska |
| 500 ## - Všeobecná poznámka |
| Text obecné poznámky |
Přeloženo z francouzštiny |
| 520 2# - Anotace |
| Anotace, atd. |
Vtipný i dojemný komiks vypráví o smolařském lišákovi, který se marně snaží být obávaným predátorem, až se nakonec neplánovaně stane milující „maminkou“ tří vylíhnutých kuřat. |
| Rozšířený text anotace |
Velký zlý lišák není ani velký ani zlý a má navíc neuvěřitelnou smůlu. Každý jeho pokus chovat se jako krutá šelma končí nějakou nehodou nebo neúspěchem, takže je pro smích celému okolí - především slepicím. Naštěstí je tu jeho samozvaný mentor vlk. Frustrovaný a hladový lišák, přežívající jen na tuřínové dietě, se nechá přemluvit ke geniálnímu plánu, jak slepice přelstít - ukrást jim vejce, vysedět je a vykrmená kuřátka si dát k obědu. Jenže to, co v teorii zní jednoduše, se v praxi ukáže jako velká komplikace a vtipné dobrodružství! Nakladatelská anotace. Kráceno. |
| 655 #7 - Rejstříkový termín - žánr/forma |
| Žánr/forma či základní termín |
humoristické komiksy |
| -- |
9241 |
| 655 #7 - Rejstříkový termín - žánr/forma |
| Žánr/forma či základní termín |
publikace pro děti |
| 655 #9 - Rejstříkový termín - žánr/forma |
| Žánr/forma či základní termín |
humorous comics |
| -- |
9243 |
| 655 #9 - Rejstříkový termín - žánr/forma |
| Žánr/forma či základní termín |
children's literature |
| 655 #7 - Rejstříkový termín - žánr/forma |
| Žánr/forma či základní termín |
publikace pro mládež |
| 655 #9 - Rejstříkový termín - žánr/forma |
| Žánr/forma či základní termín |
juvenile literature |
| 700 1# - Vedlejší záhlaví - osobní jméno autora |
| Osobní jméno |
Jurionová, Alena |
| Kód role |
trl |
| 9 (RLIN) |
20650 |
| 710 2# - Vedlejší záhlaví - jméno korporativního autora |
| Jméno korporace nebo jurisdikce |
Nakladatelství Centrala |
| Kód role |
pbl |
| 9 (RLIN) |
20651 |
| 910 ## - Údaje o vlastníkovi jednotky (exempláře) |
| Sigla vlastníka jednotky |
ABG508 |